| 000 | 00673nam a2200217 a 4500 | ||
|---|---|---|---|
| 003 | BD-DhUL | ||
| 005 | 20181211160631.0 | ||
| 008 | 140831s2004 cl ab | b 00| 0 eng | ||
| 020 | _a9211214327 | ||
| 040 |
_aBD-DhUL _cBD-DhUL |
||
| 082 |
_a388.41 _bUNT |
||
| 110 | 2 | _aUnited Nations. | |
| 245 | 1 |
_aTraffic congestion : _bthe problem and how to deal with it / _cUnited Nations; Editor, Alberto Bull. |
|
| 260 |
_aSantigo : _bUnited Nations, _c2004. |
||
| 300 |
_a187 p. : _bill., maps ; _c23 cm. |
||
| 440 | 0 |
_aCuadernos de la CEPAL ; _v87. |
|
| 504 | _aBibliography: p. 181-187. | ||
| 650 | 0 | _aTraffic congestion. | |
| 700 | 1 |
_aBull, Alberto _eed. |
|
| 942 |
_2ddc _cBK |
||
| 999 |
_c245252 _d245252 |
||